|
|
|
|
| LEADER |
00000nam0a2200000 4500 |
| 001 |
133107 |
| 005 |
20231101220417.0 |
| 010 |
|
|
|a 5080013796
|
| 020 |
|
|
|a RU
|b 88-62028
|
| 035 |
|
|
|a (RuTPU)RU\TPU\book\144207
|
| 035 |
|
|
|a RU\TPU\book\139271
|
| 090 |
|
|
|a 133107
|
| 100 |
|
|
|a 20080312d1988 m y0rusy5003 ca
|
| 101 |
0 |
|
|a rus
|
| 102 |
|
|
|a RU
|
| 105 |
|
|
|a a z 000ay
|
| 200 |
1 |
|
|a Повторение пройденного
|e роман
|f С. А. Баруздин
|g худож. А. А. Лурье
|
| 205 |
|
|
|a [Переизд.]
|
| 210 |
|
|
|a Москва
|c Детская литература
|d 1988
|
| 215 |
|
|
|a 286,[2] с.
|c ил.
|d 21 см
|
| 225 |
1 |
|
|a Школьная библиотека
|
| 610 |
1 |
|
|a Советская Армия
|
| 610 |
1 |
|
|a Великая Отечественная война 1941-1945
|
| 610 |
1 |
|
|a романы
|
| 610 |
1 |
|
|a советская литература
|
| 610 |
1 |
|
|a русская литература
|
| 675 |
|
|
|a Р2
|z rus
|v 3
|
| 700 |
|
1 |
|a Баруздин
|b С. А.
|c русский писатель
|f 1926-1991
|g Сергей Алексеевич
|2 stltpush
|3 (RuTPU)RU\TPU\pers\8213
|9 1610
|
| 702 |
|
1 |
|a Лурье
|b А. А.
|4 440
|
| 801 |
|
0 |
|a RU
|b RuMRKP
|c 19950417
|g psbo
|
| 801 |
|
1 |
|a RU
|b 63413507
|c 20080111
|g PSBO
|
| 801 |
|
2 |
|a RU
|b 63413507
|c 20080312
|g PSBO
|
| 942 |
|
|
|c BK
|